| 000 | 00000nam 2200000zi 4500 |
| 001 | 9.943257 |
| 003 | CaOODSP |
| 005 | 20250828083014 |
| 006 | m o d f |
| 007 | cr mn||||||||| |
| 008 | 240916s2024 onc ob f000 0 fre d |
| 020 | |a9780660736495 |
| 040 | |aCaOODSP|bfre|erda|cCaOODSP |
| 043 | |an-cn--- |
| 086 | 1 |aMR4-194/2024F-PDF |
| 245 | 00|aCadre et plan d'action des IRSC pour la mobilisation des connaissances : |bmettre la recherche au service de la santé. |
| 264 | 1|a[Ottawa] : |b[Instituts de recherche en santé du Canada], |c[2024] |
| 300 | |a1 ressource en ligne (17 pages non numérotées) |
| 336 | |atexte|btxt|2rdacontent/fre |
| 337 | |ainformatique|bc|2rdamedia/fre |
| 338 | |aressource en ligne|bcr|2rdacarrier/fre |
| 500 | |aPublié aussi en anglais sous le titre : CIHR knowledge mobilization framework and action plan: mobilizing research for better health. |
| 504 | |aComprend des références bibliographiques. |
| 610 | 26|aInstituts de recherche en santé du Canada|xPlanification. |
| 650 | 6|aSanté|xRecherche|xPolitique gouvernementale|zCanada|xPlanification. |
| 650 | 6|aSoins médicaux|xRecherche|xPolitique gouvernementale|zCanada|xPlanification. |
| 710 | 2 |aInstituts de recherche en santé du Canada, |eorganisme de publication. |
| 775 | 08|tCIHR knowledge mobilization framework and action plan : |w(CaOODSP)9.943256 |
| 856 | 40|qPDF|s5.27 Mo|uhttps://publications.gc.ca/collections/collection_2024/irsc-cihr/MR4-194-2024-fra.pdf |